000 03196cam a22004698i 4500
001 22380589
003 NUST
005 20240605111609.0
008 211222t20222022cau b 001 0 eng
010 _a 2021061564
020 _a9780520383104
040 _aCU-S/DLC
_beng
_erda
_cDLC
042 _apcc
050 0 0 _aHT147.I4
_bD47 2022
082 0 0 _a307.760
_bDHA
084 _aSOC002010
_aSOC026030
_2bisacsh
100 1 _aDharia, Namita Vijay,
_d1980-
_eauthor.
_9123251
245 1 4 _aThe industrial ephemeral :
_blabor and love in Indian architecture and construction /
_cNamita Vijay Dharia.
263 _a2207
264 1 _aOakland, California :
_bUniversity of California Press,
_c[2022]
264 4 _c©2022
300 _a273p.:
_bill;
_c23cm.
336 _atext
_btxt
_2rdacontent
337 _aunmediated
_bn
_2rdamedia
338 _avolume
_bnc
_2rdacarrier
490 0 _aAtelier : Ethnographic inquiry in the twenty-first century ;
_v7
504 _aIncludes bibliographical references and index.
505 0 _aIntroduction : An asynchronic timeline -- Ephemeral infrastructures -- The financial sublime -- Drawing fantasies -- The industry of sound -- Inside the pit -- Concrete love -- Conclusion : Inquilab zindabad -- Appendix : list of masterplans affecting gurgaon.
520 _a"What transformative effects does a multimillion-dollar industry have on those who work within it? The Industrial Ephemeral presents the untold stories of the people, politics, and production chains behind architecture, real estate, and construction in areas surrounding New Delhi, India. The personal histories of those in India's large laboring classes are brought to life as Namita Vijay Dharia discusses the aggressive environmental and ecological transformation of the region in the twenty-first century. Urban planning and architecture are messy processes that intertwine migratory pathways, corruption politics, labor struggle, ecological transformations, and technological development. The aggressive actions of the construction activity produce an atmosphere of ephemerality in urban regions, creating an aesthetic condition that supports industrial political economy. Dharia's brilliant analysis of the aesthetics and experiences of work lends visibility to the struggle of workers in an era of growing urban inequality"--
_cProvided by publisher.
650 0 _aUrbanization
_xSocial aspects
_zIndia
_zDelhi
_y21st century.
_9123252
650 0 _aLabor
_xAnthropological aspects
_zIndia
_zDelhi.
_9123253
650 0 _aConstruction workers
_zIndia
_zDelhi.
_9123254
650 0 _aArchitecture and anthropology
_zIndia
_zDelhi.
_9123255
650 7 _aSOCIAL SCIENCE / Anthropology / Cultural & Social
_2bisacsh
_9123256
650 7 _aSOCIAL SCIENCE / Sociology / Urban
_2bisacsh
_9118672
776 0 8 _iOnline version:
_aDharia, Namita Vijay, 1980-
_tIndustrial ephemeral
_dOakland : University of California Press, 2022
_z9780520383111
_w(DLC) 2021061565
830 0 _aAtelier (Oakland, Calif.) ;
_v7.
_9123257
906 _a7
_bcbc
_corignew
_d1
_eecip
_f20
_gy-gencatlg
942 _2ddc
_cBK
999 _c609498
_d609498